[Event "Asia-ch Rapid U20"]
[Site "Jamshedpur"]
[Date "2023.09.08"]
[Round "7"]
[White "Aarav, Sarbalia"]
[Black "Boominathan, Lalitaditaayyanar"]
[Result "0-1"]
[WhiteElo "1398"]
[BlackElo "1534"]
[PlyCount "62"]
[EventDate "2023.09.08"]
[EventType "swiss (rapid)"]
[EventRounds "9"]
[EventCountry "IND"]
[SourceTitle "EXT 2024"]
[Source "ChessBase"]
[SourceDate "2023.10.10"]
[SourceVersion "1"]
[SourceVersionDate "2023.10.10"]
[SourceQuality "1"]

1. e4 c5 2. Nf3 e6 3. c4 Nc6 4. d4 cxd4 5. Nxd4 Nf6 6. Nc3 Bb4 7. Nxc6 bxc6 8. Bd3 e5 9. 0-0 0-0 10. Ne2 d5 11. cxd5 cxd5 12. exd5 Qxd5 13. Bb1 Qc6 14. a3 Bc5 15. Kh1 Bb7 16. f3 h6 17. b4 Bb6 18. Bb2 Ng4 19. Be4 Qc7 20. Bxb7 Ne3 21. Qc1 Qxb7 22. Re1 Rac8 23. Bc3 e4 24. f4 Ng4 25. h3 Nf2+ 26. Kh2 Nd3 27. Qd2 Nxe1 28. Rxe1 Rfd8 29. Bd4 Bxd4 30. Nxd4 Qd5 31. Rd1 Rc4 0-1

[Event "Asia-ch Rapid U20"]
[Site "Jamshedpur"]
[Date "2023.09.08"]
[Round "6"]
[White "Alekhya, Mukhopadhyay"]
[Black "Aarav, Sarbalia"]
[Result "1-0"]
[WhiteElo "1899"]
[BlackElo "1398"]
[PlyCount "79"]
[EventDate "2023.09.08"]
[EventType "swiss (rapid)"]
[EventRounds "9"]
[EventCountry "IND"]
[SourceTitle "EXT 2024"]
[Source "ChessBase"]
[SourceDate "2023.10.10"]
[SourceVersion "1"]
[SourceVersionDate "2023.10.10"]
[SourceQuality "1"]

1. e4 c5 2. Nf3 d6 3. d4 cxd4 4. Nxd4 Nf6 5. Nc3 a6 6. Bg5 Nbd7 7. f4 Qc7 8. Qf3 h6 9. Bh4 g5 10. fxg5 hxg5 11. Bxg5 Qc5 12. Nf5 Ne5 13. Qe3 Bxf5 14. Qxc5 dxc5 15. exf5 0-0-0 16. Bf4 Nc6 17. Bc4 Nd4 18. 0-0-0 Rh7 19. Bd3 b5 20. b3 Bh6 21. Bxh6 Rxh6 22. Rde1 Kd7 23. Ne4 Nxe4 24. Bxe4 Rdh8 25. c3 Nc6 26. h3 Rg8 27. Bd5 e6 28. fxe6+ fxe6 29. Bf3 Rg5 30. h4 Rg3 31. h5 Ne7 32. Re5 Kd6 33. Re4 Nd5 34. Rd1 Kc7 35. Re5 Rh7 36. Rxe6 Nxc3 37. Rd2 Rd7 38. Rc6+ Kd8 39. Rxd7+ Kxd7 40. Rxa6 1-0

[Event "Asia-ch Rapid U20"]
[Site "Jamshedpur"]
[Date "2023.09.08"]
[Round "3"]
[White "Mukesh, Kumar1111"]
[Black "Aarav, Sarbalia"]
[Result "1-0"]
[WhiteElo "1486"]
[BlackElo "1398"]
[PlyCount "127"]
[EventDate "2023.09.08"]
[EventType "swiss (rapid)"]
[EventRounds "9"]
[EventCountry "IND"]
[SourceTitle "EXT 2024"]
[Source "ChessBase"]
[SourceDate "2023.10.10"]
[SourceVersion "1"]
[SourceVersionDate "2023.10.10"]
[SourceQuality "1"]

1. Nf3 d5 2. d3 Nf6 3. Nbd2 e6 4. g3 Be7 5. Bg2 0-0 6. 0-0 b6 7. e4 Bb7 8. e5 Nfd7 9. Re1 c5 10. a4 Nc6 11. Nf1 Qc7 12. Bf4 a6 13. h4 b5 14. N1h2 Rfb8 15. Ng4 Bc8 16. b3 bxa4 17. Rxa4 a5 18. h5 Rb4 19. Rxb4 axb4 20. h6 g6 21. Ne3 Nd4 22. Nxd4 cxd4 23. Nxd5 exd5 24. e6 Qd8 25. Bxd5 Ra5 26. exd7 Bxd7 27. Qf3 Ra6 28. Bc7 Qf8 29. Qf4 Rf6 30. Qxd4 Rf5 31. Bf4 Bc5 32. Qc4 g5 33. Be3 Bxe3 34. Rxe3 Qxh6 35. Re7 Qd6 36. Bxf7+ Kf8 37. Rxd7 Qxd7 38. Be6 Qb5 39. Qc8+ Ke7 40. Bxf5 Qe5 41. Be4 Qd4 42. Qc7+ Ke6 43. Qc4+ Ke5 44. Qc7+ Qd6 45. Qxd6+ Kxd6 46. d4 g4 47. Kf1 h5 48. Ke2 Ke6 49. Kd3 Kd6 50. Kc4 Ke6 51. Kxb4 Kd6 52. c4 Ke6 53. Kc5 Kd7 54. Bf5+ Ke7 55. Bg6 Kf6 56. Bxh5 Kg5 57. Be8 Kf5 58. Bc6 Ke6 59. d5+ Ke5 60. d6 Kf5 61. d7 Ke6 62. d8Q Ke5 63. Qe7+ Kf5 64. Be4# 1-0

[Event "Budapest FS05 Nadassy"]
[Site "Budapest"]
[Date "2023.05.13"]
[Round "8.3"]
[White "Aarav, Sarbalia"]
[Black "Kahn, Evarth"]
[Result "1-0"]
[WhiteElo "1718"]
[BlackElo "2004"]
[PlyCount "80"]
[EventDate "2023.05.06"]
[EventType "schev"]
[EventRounds "10"]
[EventCountry "HUN"]
[SourceTitle "CBM 214 Extra"]
[Source "ChessBase"]
[SourceDate "2023.07.31"]
[SourceVersion "1"]
[SourceVersionDate "2023.07.31"]
[SourceQuality "1"]
[WhiteTeam "B Team Lower Elo"]
[BlackTeam "A Team Higher Elo"]
[WhiteTeamCountry "HUN"]
[BlackTeamCountry "HUN"]

1. e4 Nf6 2. e5 Nd5 3. c4 Nb6 4. d4 d6 5. f4 dxe5 6. fxe5 Nc6 7. Be3 Bf5 8. Nc3 e6 9. Nf3 Qd7 10. Be2 0-0-0 11. 0-0 Bg4 12. c5 Nd5 13. Nxd5 Qxd5 14. Kh1 f6 15. exf6 gxf6 16. Bg1 Rg8 17. Qe1 e5 18. Rc1 e4 19. Bc4 Qh5 20. Bxg8 exf3 21. Be6+ Kb8 22. Bxg4 fxg2+ 23. Kxg2 Qxg4+ 24. Kh1 Bh6 25. Rd1 Rg8 26. Qg3 Qe4+ 27. Qf3 Qc2 28. Rf2 Qc4 29. b3 Qf7 30. a3 Bg5 31. Rg2 a6 32. Re1 Bh4 33. Re4 Rxg2 34. Qxg2 Bg5 35. Qf3 Ne7 36. Re1 Bh4 37. Re2 Ka7 38. Qe4 Qd5 39. Qxd5 Nxd5 40. Re8 Bg5 1-0

[Event "Budapest FS05 Nadassy"]
[Site "Budapest"]
[Date "2023.05.06"]
[Round "1.5"]
[White "Juracsik, Jozsef"]
[Black "Aarav, Sarbalia"]
[Result "1-0"]
[WhiteElo "1883"]
[BlackElo "1718"]
[PlyCount "65"]
[EventDate "2023.05.06"]
[EventType "schev"]
[EventRounds "10"]
[EventCountry "HUN"]
[SourceTitle "CBM 214 Extra"]
[Source "ChessBase"]
[SourceDate "2023.07.31"]
[SourceVersion "1"]
[SourceVersionDate "2023.07.31"]
[SourceQuality "1"]
[WhiteTeam "A Team Higher Elo"]
[BlackTeam "B Team Lower Elo"]
[WhiteTeamCountry "HUN"]
[BlackTeamCountry "HUN"]

1. e4 c5 2. Nf3 d6 3. Bb5+ Nd7 4. 0-0 a6 5. Bd3 Ngf6 6. c3 e6 7. Bc2 c4 8. b3 cxb3 9. axb3 Be7 10. d4 0-0 11. c4 b6 12. e5 dxe5 13. dxe5 Ne8 14. Qe2 g6 15. Bb2 Bb7 16. Nbd2 Qc7 17. Ne4 Rd8 18. Rfe1 Bxe4 19. Qxe4 Nc5 20. Qe3 a5 21. Nd4 Na6 22. Nb5 Qb8 23. Rad1 Ng7 24. Nd6 Nc5 25. Rd2 Ne8 26. Red1 Nxd6 27. exd6 Bxd6 28. Bf6 Bxh2+ 29. Kh1 Bf4 30. Rxd8 Rxd8 31. Rxd8+ Qxd8 32. Bxd8 Bxe3 33. fxe3 1-0

[Event "Colombo Golden Jubilee op"]
[Site "Colombo"]
[Date "2022.11.24"]
[Round "4"]
[White "Aarav, Sarbalia"]
[Black "Rathnayaka, Minaga Yethmin"]
[Result "1-0"]
[WhiteElo "1480"]
[BlackElo "1264"]
[PlyCount "111"]
[EventDate "2022.11.23"]
[EventType "swiss"]
[EventRounds "9"]
[EventCountry "SRI"]
[SourceTitle "CBM 211 Extra"]
[Source "ChessBase"]
[SourceDate "2023.01.31"]
[SourceVersion "1"]
[SourceVersionDate "2023.01.31"]
[SourceQuality "1"]

1. e4 c6 2. Nc3 d5 3. Nf3 dxe4 4. Nxe4 Bf5 5. Ng3 Bg6 6. d4 Nd7 7. Be2 Ngf6 8. 0-0 e6 9. Re1 Bd6 10. Bd3 Bxd3 11. Qxd3 0-0 12. Ne4 Be7 13. Nc3 Qc7 14. Bg5 h6 15. Bh4 Rfe8 16. Rad1 Rad8 17. Ne4 Qb6 18. Qb3 Qc7 19. Bg3 Qc8 20. Nd6 Bxd6 21. Bxd6 Nf8 22. Ba3 Qc7 23. c4 Ng6 24. h3 Nd7 25. Qc3 Qf4 26. b4 Nh4 27. Nxh4 Qxh4 28. Bb2 Nb6 29. d5 f6 30. Rd4 Qh5 31. dxe6 Na4 32. Qd2 Rxd4 33. Bxd4 c5 34. bxc5 Nxc5 35. Bxc5 Qxc5 36. Qd5 Qb4 37. e7+ Kh7 38. Qf5+ g6 39. Qe6 Kg7 40. Kh2 Qc5 41. Re2 a6 42. a4 Qb4 43. Qd7 Kf7 44. Qd5+ Kg7 45. c5 Qf4+ 46. g3 Qxa4 47. Rb2 Rxe7 48. Rxb7 Rxb7 49. Qxb7+ Kf8 50. Qd5 Qc2 51. Kg2 a5 52. c6 a4 53. Qd6+ Kf7 54. Qd7+ Kf8 55. c7 Qe4+ 56. Kh2 1-0